MARC details
| 000 -CABECERA |
| campo de control de longitud fija |
01627nam a2200325 i 4500 |
| 001 - NÚMERO DE CONTROL |
| campo de control |
991061720875306706 |
| 003 - IDENTIFICADOR DEL NÚMERO DE CONTROL |
| campo de control |
ES-BaIT |
| 005 - FECHA Y HORA DE LA ÚLTIMA TRANSACCIÓN |
| campo de control |
20260225102205.0 |
| 008 - DATOS DE LONGITUD FIJA--INFORMACIÓN GENERAL |
| campo de control de longitud fija |
260225e202409 fr r 000 d fre c |
| 020 ## - NÚMERO INTERNACIONAL ESTÁNDAR DEL LIBRO |
| Número Internacional Estándar del Libro |
9782749816661 |
| 040 ## - FUENTE DE LA CATALOGACIÓN |
| Centro catalogador/agencia de origen |
ES-BaIT |
| Lengua de catalogación |
cat |
| Normas de descripción |
rda |
| Centro/agencia transcriptor |
ES-BaIT |
| 080 ## - NÚMERO DE LA CLASIFICACIÓN DECIMAL UNIVERSAL |
| Número de la Clasificación Decimal Universal |
840-2"19" |
| 100 1# - ENTRADA PRINCIPAL--NOMBRE DE PERSONA |
| Nombre de persona |
Michineau, Anthony |
| Término indicativo de función/relación |
autor |
| 9 (RLIN) |
168691 |
| 245 14 - MENCIÓN DE TÍTULO |
| Título |
Les Marchands d'étoiles / |
| Mención de responsabilidad, etc. |
Anthony Michineau |
| 264 #1 - PRODUCCIÓN, PUBLICACIÓN, DISTRIBUCIÓN, FABRICACIÓN Y COPYRIGHT |
| Producción, publicación, distribución, fabricación y copyright |
Paris : |
| Nombre del de productor, editor, distribuidor, fabricante |
Avant-scène théâtre, |
| Fecha de producción, publicación, distribución, fabricación o copyright |
septembre 2024 |
| 300 ## - DESCRIPCIÓN FÍSICA |
| Extensión |
88 pàgines ; |
| Dimensiones |
21 cm |
| 336 ## - TIPO DE CONTENIDO |
| Término de tipo de contenido |
text |
| Código de tipo de contenido |
txt |
| Fuente |
rdacontent |
| 337 ## - TIPO DE MEDIO |
| Nombre/término del tipo de medio |
sense mediació |
| Código del tipo de medio |
n |
| Fuente |
rdamedia |
| 338 ## - TIPO DE SOPORTE |
| Nombre/término del tipo de soporte |
volum |
| Código del tipo de soporte |
nc |
| Fuente |
rdacarrier |
| 490 1# - MENCIÓN DE SERIE |
| Mención de serie |
L'Avant-scène théâtre ; |
| Designación de volumen o secuencia |
no 1561 |
| 500 ## - NOTA GENERAL |
| Nota general |
P6: D2, H4 |
| 500 ## - NOTA GENERAL |
| Nota general |
Publicat com no 1561 (septembre 2024) de la revista L'Avant-scène théâtre |
| 500 ## - NOTA GENERAL |
| Nota general |
Estrena Théâtre-Actuel La Bruyère el 22 de maig de 2023 |
| 520 ## - SUMARIO, ETC. |
| Sumario, etc. |
"Paris 1942. La vie poursuit son cours, dans un dépôt de tissus parisien tenu par Raymond at Yvette Martineau. Mais le patron, sous des dehors affirmés, ne réussit pas à imposser son autorité à son épouse, à sa fille Paulette ou encore à Joseph, son plus jeune employé, dont le père est breton mais dont la mère est juive. Que va-t-il se passer lorsque Louis, son plus vieil employé, révélera que son nouvel ami est un collabo de la pire espèce? Qu'un Juif trouve refuge à l'atelier? Mais à part ça... La vie poursuit son cours"-- Contracoberta |
| 650 #0 - PUNTO DE ACCESO ADICIONAL DE MATERIA--TÉRMINO DE MATERIA |
| Término de materia o nombre geográfico como elemento de entrada |
Jueus |
| Subdivisión de forma |
Textos dramàtics |
| 9 (RLIN) |
168692 |
| 830 ## - PUNTO DE ACCESO ADICIONAL DE SERIE-TÍTULO UNIFORME |
| Título uniforme |
Avant-scène. |
| Nombre de parte o sección de la obra |
Théâtre |
| Designación de volumen o secuencia |
no 1561 |
| 9 (RLIN) |
168170 |
| 908 ## - COLOCAR PARÁMETRO DE COMANDO (RLIN) |
| Colocar parámetro de comando |
CDMAE |
| 940 ## - EQUIVALENCIA O REFERENCIA-CRUZADA--TÍTULO UNIFORME [OBSOLETO] [solamente CAN/MARC] |
| Título uniforme |
<a href="CDMAE">CDMAE</a> |
| 942 ## - ELEMENTOS DE ENTRADA AGREGADA (KOHA) |
| Fuente del sistema de clasificación o colocación |
Clasificación decimal universal |
| Tipo de ítem Koha |
Llibre |